000 01196nam0a22002771 4500
001 rc\4586390
005 20130416192024.2
021 _aRU
_bРг1167-64
035 _a(NLR Aleph) 008381651
090 _a9121451
_c9121451
100 _a20130416d1963 |||y0rusy50 ca
101 0 _arus
102 _aRU
105 _ay z |||||
200 1 _aМетодика разработки и внедрения нормативов затрат труда на производство сельскохозяйственных продуктов
_eПроект
_fМСХ ССР. Всесоюз. науч.-исслед. ин-т экономики сельского хозяйства
210 _aМосква
_cБ. и.
_d1963
215 _a150 с.
_d20
300 _aОтпечатано множит. аппаратом
300 _aВ предисл. сост.: С.М. Кладчиков
702 1 _aКладчиков
_bС. М.
_gСергей Михайлович
_4220
712 0 2 _aВНИИ экономики сельского хозяйства
_3RU\NLR\AUTH\8810150744
_4570
801 0 _aRU
_bNLR
_gpsbo
801 1 _aRU
_bELAR
_2rusmarc
852 _aNLR
_j64-3/1127
942 _cBOOK
980 _aNB